header

Managing organizations (Record no. 112673)

MARC details
000 -LEADER
fixed length control field 01519nam a2200385 a 4500
082 04 - DEWEY DECIMAL CLASSIFICATION NUMBER
Classification number 658
245 00 - TITLE STATEMENT
Title Managing organizations
250 ## - EDITION STATEMENT
Edition statement 1st ed.
260 ## - PUBLICATION, DISTRIBUTION, ETC. (IMPRINT)
Place of publication London ;
-- Thousand Oaks :
Name of publisher Sage Publications,
Year of publication 1999.
300 ## - PHYSICAL DESCRIPTION
Number of Pages xvi, 268 p. :
Other physical details ill.
500 ## - GENERAL NOTE
General note "The second of a two-volume paperback edition of the landmark Handbook of organization studies"--Cover p. [4].
650 #0 - SUBJECT ADDED ENTRY--TOPICAL TERM
Topical Term Management.
Topical Term Organization.
700 1# - ADDED ENTRY--PERSONAL NAME
Personal name Clegg, Stewart.
Personal name Hardy, Cynthia,
Personal name Nord, Walter R.
856 40 - ELECTRONIC LOCATION AND ACCESS
Uniform Resource Identifier http://site.ebrary.com/lib/rucke/Doc?id=10594456

No items available.

© 2026 Rongo University
Contact us: librarian | system librarian | Rongo university